|
|
|
|
| LEADER |
00820nam a2200205 a 4500 |
| 001 |
00009584 |
| 008 |
120307s2002 caua b 001 0 eng d |
| 040 |
|
|
|a BD-DhAAL
|c BD-DhAAL
|
| 020 |
|
|
|a 0330303399
|
| 082 |
0 |
0 |
|a 650.11
|2 22
|
| 100 |
1 |
|
|a Adair,Eric
|
| 245 |
1 |
0 |
|a Effective time management :
|b how to save time and spend it wisely /
|c John Adair
|
| 260 |
|
|
|a London :
|b Pan ;
|a New Delhi :
|b Rupa.Co.,
|c 2002.[Eleventh impression]
|
| 300 |
|
|
|a 164 p. :
|b ill. ;
|c 18 cm.
|
| 504 |
|
|
|a Includes bibliographical references (p. [157]-158)and index.
|
| 541 |
1 |
|
|e 00009584
|
| 650 |
|
0 |
|a Time management.
|
| 852 |
1 |
|
|a Ayesha Abed Library
|j General shelf
|
| 999 |
|
|
|c 11941
|d 11941
|
| 952 |
|
|
|0 0
|1 0
|4 0
|6 650_110000000000000_ADA
|7 0
|9 19606
|a BRACUL
|b BRACUL
|c GEN
|d 2012-03-07
|l 8
|m 18
|o 650.11 ADA
|p 3010009584
|r 2026-04-19
|s 2026-04-11
|t 1
|w 2012-03-07
|y BK
|